Guess the 1960s song lyrics #141 - Statistics

General Stats
  • This quiz has been taken 19 times
  • The average score is 137 of 235
Answer Stats
Answer % Correct
a
100%
I
100%
And
94%
and
94%
day
94%
you
94%
go
88%
me
88%
the
88%
to
88%
we
88%
What
88%
what
88%
be
81%
for
81%
love
81%
in
75%
of
69%
that
69%
with
69%
just
63%
sunshine
63%
take
56%
together
56%
daydream
50%
walk
50%
away
44%
Baby
44%
bee
44%
made
44%
out
44%
Pa
44%
pa
44%
bein
38%
park
38%
Hello
31%
Lazy
31%
lazy
31%
lovin
31%
right
31%
honey
25%
sayin
25%
balloons
19%
bird
19%
Blue
19%
blue
19%
daisies
19%
everywhere
19%
holdin
19%
lane
19%
loud
19%
People
19%
pickin
19%
red
19%
sky
19%
smilin
19%
stroll
19%
tree
19%
lots
13%
Spanky and Our Gang
13%
becomes
6%
Beneath
6%
blanket
6%
bloomin
6%
boats
6%
children
6%
cream
6%
Flowers
6%
hands
6%
Ice
6%
notes
6%
Row
6%
shady
6%
stars
6%
thinkin
6%
Til
6%
No matching quizzes found
Score Distribution
Percent of People with Each Score
Percentile by Number Answered
Your Score History
You have not taken this quiz